00736nam a22002177a 450000500170000001000150001702000270003203500140005903700130007308200100008624500850009626000400018127000450022130000310026650000190029770000180031670000170033494200240035199900190037595201240039420161129153733.0 aENG-116700 a9788184845471c1150.00 aEN-100232 bDBAD/PUB a658.5 aIndustrial engineering and managment /cedited by Shagun Ahuja [and] Nidhi Rawat aNew DelhibRegal Publicationsc2017 aF-159, Rajouri GardenbNew Delhie110027 axii,255p. :c23cm(Hb)bill aIncludes index a Ahuja.Shagun aRawat. Nidhi 2ddccENh658.5mIND c104838d104838 001040718NFICaDBADbBNd2016-11-29eDBAD/PUBg1150.00l0o658.5 INDpEN-100232r2016-11-29 00:00:00t1v1150.00yEN